Open Data Biblioteca Nacional de Portugal


República Portuguesa: Ministério da Cultura
Biblioteca Nacional de Portugal

Catálogo da BNP: acesso por Identificadores Unívocos
Registos Bibliográficos associados ao registo de autoridade

Etiqueta de registo: 00254nam 2200025 450
001 2287964
003 http://id.bnportugal.gov.pt/bib/catbnp/2287964
010 ## $a978-989-589-578-6
021 ## $aPT$b558084/25
100 ## $a20260616d2026 c y0pory01030103ba
101 1# $apor$cita
102 ## $aPT
105 ## $aa z 000yy
106 ## $ar
200 1# $aComo deixar os pais à beira de um ataque de nervos$fGabriella Ballin, Anna Aparcio Caratà$gtrad. Igor Lobão
205 ## $a1ª ed
210 #9 $aLisboa$cNuvem de Letras,$d2026
215 ## $a[36] p.$cil.$d30 cm
304 ## $aTít. orig.: Come far arrabbiare mamma e papà
700 #1 $aBallin,$bGabriella$32000704
701 #1 $aCatalà,$bAnna Aparicio$4070$32000705
702 #1 $aLobão,$bIgor,$f1976-$4730$31730379
801 #0 $aPT$bBN$gRPC
966 ## $lBN$mFGMON$x1
966 ## $lBN$mFGMON$x1
971 ## $cisantos$d20260616

OpendataBNP@bnportugal.pt | Mais informação sobre acesso aos dados BNP